| 000 | 00693nam a2200181Ia 4500 | ||
|---|---|---|---|
| 008 | 090124s9999 xx 000 0 und d | ||
| 082 | _b41235 | ||
| 100 | _aसुंकले राजेश | ||
| 245 | _a चला करु या महाराष्ट्र भ्रमण | ||
| 250 | _a1 | ||
| 260 |
_b"आमोद प्रकाशन, मुंबई" _c2003 |
||
| 300 | _a108 | ||
| 600 | _aसुंकले राजेश | ||
| 630 | _a चला करु या महाराष्ट्र भ्रमण | ||
| 700 | _aसुंकले राजेश | ||
| 730 | _a चला करु या महाराष्ट्र भ्रमण | ||
| 942 | _cBOOK | ||
| 999 |
_c107377 _d107377 |
||